000
00342 a2200121 4500
001
ART_48868
005
20260410161757.0
008
260409a
245
1
0
_a
Ajuste por inflación impositivo
100
1
_a
Volman, Mario
700
1
_a
García, Fernando D.
773
0
_t
Doctrina tributaria
_g
- N°470 (mayo 2019)
_w
REV4296
999
_c
20228
_d
20228